[Event "CYCC U12"]
[Site "Windsor CAN"]
[Date "2010.07.06"]
[Round "2"]
[White "Farias, Durval"]
[Black "Song, Edward"]
[Result "0-1"]
[WhiteElo "979"]
[BlackElo "1850"]
[PlyCount "62"]
[EventDate "2010.07.06"]
[EventType "swiss"]
[EventRounds "7"]
[EventCountry "CAN"]

1. f4 d5 2. Nf3 Nf6 3. e3 e6 4. d4 Bd6 5. Be2 O-O 6. O-O c5 7. Bd2 Nc6 8. c4
cxd4 9. exd4 dxc4 10. Bxc4 Bc7 11. Be1 Bxf4 12. Bg3 Bxg3 13. hxg3 Qc7 14. Nbd2
Rd8 15. Nb3 Qxg3 16. Qd2 Qc7 17. Rae1 Nxd4 18. Nbxd4 Qxc4 19. Re4 Nxe4 20. b3
Qxf1+ 21. Kxf1 Nxd2+ 22. Nxd2 Rxd4 23. Nf3 Rf4 24. a4 b6 25. b4 Bb7 26. a5 Bxf3
27. gxf3 Rxf3+ 28. Kg2 Rb3 29. axb6 axb6 30. b5 Ra2+ 31. Kg1 Rb1# 0-1

[Event "CYCC U12"]
[Site "Windsor CAN"]
[Date "2010.07.06"]
[Round "2"]
[White "Graif, William"]
[Black "Zhong, Xiao Xiang"]
[Result "1/2-1/2"]
[WhiteElo "1676"]
[BlackElo "1686"]
[PlyCount "53"]
[EventDate "2010.07.06"]
[EventType "swiss"]
[EventRounds "7"]
[EventCountry "CAN"]

1. e4 e5 2. Nf3 f5 3. exf5 d6 4. d4 e4 5. Qe2 d5 6. g4 Be7 7. Ne5 Nc6 8. Qb5 a6
9. Nxc6 Qd6 10. Qc5 Qxc5 11. dxc5 bxc6 12. Be3 Nf6 13. Be2 a5 14. Bd4 Ba6 15.
g5 Nd7 16. Bxg7 Rg8 17. Bh5+ Kd8 18. f6 Bxc5 19. Bf7 Re8 20. Bxe8 Kxe8 21. h4
Kf7 22. h5 Ne5 23. Nd2 Ng4 24. g6+ hxg6 25. hxg6+ Kxg6 26. O-O-O Bxf2 27. Rdg1
1/2-1/2

[Event "CYCC U12"]
[Site "Windsor CAN"]
[Date "2010.07.06"]
[Round "2"]
[White "Jean, Justin"]
[Black "Bhangoo, Kabir"]
[Result "0-1"]
[WhiteElo "1577"]
[BlackElo "1022"]
[PlyCount "58"]
[EventDate "2010.07.06"]
[EventType "swiss"]
[EventRounds "7"]
[EventCountry "CAN"]

1. e4 e5 2. Nf3 Nc6 3. Bc4 Nf6 4. Nc3 Bc5 5. O-O d6 6. d3 O-O 7. Bg5 h6 8. Bh4
Bg4 9. Nd5 g5 10. Bg3 Nxd5 11. Bxd5 Nd4 12. Rb1 Qf6 13. Bxb7 Rab8 14. Bd5 Nxf3+
15. gxf3 Bxf3 16. Qd2 Qg6 17. b4 Bd4 18. c3 Bb6 19. a4 a5 20. bxa5 Bxa5 21. Rb5
Rxb5 22. axb5 Qh5 23. Qe3 Bb6 24. Re1 Bxe3 25. Rxe3 Rb8 26. Bc6 Bg4 27. d4 Bh3
28. dxe5 Qd1+ 29. Re1 Qxe1# 0-1

[Event "CYCC U12"]
[Site "Windsor CAN"]
[Date "2010.07.06"]
[Round "2"]
[White "Jensen, Jacob"]
[Black "Lin, Tony (Juntao)"]
[Result "0-1"]
[WhiteElo "1661"]
[BlackElo "1882"]
[PlyCount "108"]
[EventDate "2010.07.06"]
[EventType "swiss"]
[EventRounds "7"]
[EventCountry "CAN"]

1. e4 c5 2. d4 cxd4 3. c3 Nf6 4. e5 Nd5 5. cxd4 Nc6 6. Bc4 e6 7. a3 d6 8. Nf3
Nb6 9. Bb5 dxe5 10. Nxe5 Bd7 11. Nxd7 Qxd7 12. O-O a6 13. Bxc6 Qxc6 14. Nc3 Be7
15. Be3 O-O 16. Rc1 Qd7 17. Qb3 Nd5 18. Nxd5 exd5 19. Bf4 Rac8 20. Qg3 Bf6 21.
Be5 Bxe5 22. Qxe5 Rfe8 23. Rxc8 Rxc8 24. Re1 Qe6 25. g3 Re8 26. Re3 Qxe5 27.
Rxe5 Rxe5 28. dxe5 f6 29. exf6 gxf6 30. f4 Kf7 31. Kf2 Ke6 32. Ke3 h5 33. h3 f5
34. Kd4 a5 35. b3 b6 36. Ke3 Ke7 37. Kd4 Kd6 38. h4 Ke6 39. Ke3 Ke7 40. Kd3 Kd7
41. Kc3 Kc6 42. Kd3 Kc5 43. Kc3 d4+ 44. Kc2 a4 45. b4+ Kc4 46. Kd2 d3 47. b5
Kd4 48. Kd1 Ke3 49. Ke1 d2+ 50. Kd1 Kd3 51. g4 fxg4 52. f5 g3 53. f6 g2 54. f7
g1=Q# 0-1

[Event "CYCC U12"]
[Site "Windsor CAN"]
[Date "2010.07.06"]
[Round "2"]
[White "Kanwischer, Alek"]
[Black "Zhang, Kevin"]
[Result "0-1"]
[WhiteElo "1098"]
[BlackElo "1756"]
[PlyCount "46"]
[EventDate "2010.07.06"]
[EventType "swiss"]
[EventRounds "7"]
[EventCountry "CAN"]

1. e4 e5 2. Nf3 Nc6 3. Bb5 a6 4. Bxc6 dxc6 5. O-O Bg4 6. h3 Bxf3 7. Qxf3 Qd7 8.
d3 O-O-O 9. Qe3 b6 10. Nc3 Nf6 11. b3 Bc5 12. Qe2 Bd4 13. Bb2 g5 14. Qf3 Qe6
15. Qf5 Qxf5 16. exf5 g4 17. hxg4 Nxg4 18. Rae1 Nh6 19. Rb1 Nxf5 20. Ne4 Rhg8
21. Bxd4 Nxd4 22. Nf6 Rg6 23. Nxh7 Nf3+ 0-1

[Event "CYCC U12"]
[Site "Windsor CAN"]
[Date "2010.07.06"]
[Round "2"]
[White "Lamothe, Zachari"]
[Black "Baki, Shaumik"]
[Result "0-1"]
[WhiteElo "878"]
[BlackElo "1336"]
[PlyCount "40"]
[EventDate "2010.07.06"]
[EventType "swiss"]
[EventRounds "7"]
[EventCountry "CAN"]

1. Nf3 c5 2. Nc3 Nc6 3. e3 d5 4. Bb5 Bd7 5. Ng5 e6 6. Qf3 Qxg5 7. O-O Nf6 8.
Qf4 Qxf4 9. exf4 Bd6 10. g3 O-O 11. Bxc6 Bxc6 12. f5 exf5 13. Re1 Rfe8 14.
Rxe8+ Rxe8 15. f4 Ng4 16. Kg2 d4+ 17. Kh3 dxc3 18. bxc3 Re2 19. Kh4 Be7+ 20.
Kh5 Rxh2# 0-1

[Event "CYCC U12"]
[Site "Windsor CAN"]
[Date "2010.07.06"]
[Round "2"]
[White "Leu, Steven"]
[Black "Papadopoulos, Andrew"]
[Result "1-0"]
[WhiteElo "1459"]
[BlackElo "1005"]
[PlyCount "109"]
[EventDate "2010.07.06"]
[EventType "swiss"]
[EventRounds "7"]
[EventCountry "CAN"]

1. e4 e6 2. d4 d6 3. Nf3 Nf6 4. Nc3 Nc6 5. Bb5 a6 6. Bxc6+ bxc6 7. O-O Bb7 8.
h3 Rb8 9. Be3 a5 10. Qd2 h6 11. Rfe1 g6 12. a3 Bg7 13. Rab1 O-O 14. Bxh6 Re8
15. Bxg7 Kxg7 16. Qg5 Rh8 17. Qxa5 Ra8 18. Qg5 Rh5 19. Qd2 e5 20. dxe5 dxe5 21.
Qxd8 Rxd8 22. Rbd1 Rhh8 23. Nxe5 Rde8 24. Nf3 Rh7 25. e5 Ng4 26. hxg4 Bc8 27.
Re4 Reh8 28. Kf1 Ba6+ 29. Ke1 Rh1+ 30. Kd2 R1h7 31. Kc1 f5 32. gxf5 gxf5 33.
Ra4 Bb7 34. Ra7 Bc8 35. Rxc7+ Kg6 36. Rd6+ Kh5 37. Rxh7+ Rxh7 38. Rxc6 Bb7 39.
Rf6 Bc8 40. e6 Bxe6 41. Rxe6 Rh6 42. g4+ fxg4 43. Rxh6+ Kxh6 44. Ne5 Kh5 45.
Ne4 Kh4 46. Nf6 g3 47. fxg3+ Kxg3 48. a4 Kf4 49. Nfd7 Ke4 50. a5 Kd5 51. a6 Kd4
52. a7 Kd5 53. a8=Q+ Kd4 54. c3+ Ke3 55. Qf3# 1-0

[Event "CYCC U12"]
[Site "Windsor CAN"]
[Date "2010.07.06"]
[Round "2"]
[White "Mathews, Jeremy"]
[Black "Wapioke, Couradge"]
[Result "1-0"]
[WhiteElo "1250"]
[BlackElo "532"]
[PlyCount "55"]
[EventDate "2010.07.06"]
[EventType "swiss"]
[EventRounds "7"]
[EventCountry "CAN"]

1. e4 a5 2. Bc4 Ra6 3. Bxa6 bxa6 4. Nf3 Nc6 5. O-O Bb7 6. d4 g6 7. d5 Bh6 8.
Bxh6 Nxh6 9. dxc6 dxc6 10. Qxd8+ Kxd8 11. Rd1+ Ke8 12. Nc3 Rf8 13. Na4 c5 14.
Nxc5 Bxe4 15. Nxe4 c5 16. Nxc5 g5 17. Rd7 Rg8 18. Rad1 Kf8 19. Rd8+ Kg7 20.
R8d7 Ra8 21. Rxe7 g4 22. Ng5 a4 23. Nxf7 Nxf7 24. Rdd7 Kg8 25. Rxf7 h5 26. Rg7+
Kf8 27. Rh7 Ke8 28. Rh8# 1-0

[Event "CYCC U12"]
[Site "Windsor CAN"]
[Date "2010.07.06"]
[Round "2"]
[White "McInnis, Preston"]
[Black "Yu, Patrick"]
[Result "0-1"]
[WhiteElo "795"]
[BlackElo "1572"]
[PlyCount "74"]
[EventDate "2010.07.06"]
[EventType "swiss"]
[EventRounds "7"]
[EventCountry "CAN"]

1. e4 c5 2. Nf3 d6 3. Bb5+ Nc6 4. O-O Nf6 5. Nc3 e6 6. d3 h6 7. Bf4 Bd7 8. e5
dxe5 9. Nxe5 Nxe5 10. Bxe5 Be7 11. Bxd7+ Qxd7 12. Ne4 O-O-O 13. d4 Nxe4 14.
dxc5 Qxd1 15. Raxd1 f6 16. Rxd8+ Rxd8 17. Bf4 Bxc5 18. Be3 Bxe3 19. fxe3 Rd2
20. Rf4 Rd1+ 21. Rf1 Rxf1+ 22. Kxf1 Kc7 23. c4 Nd2+ 24. Ke2 Nxc4 25. Kd3 Nxb2+
26. Kc2 Nc4 27. Kd3 b5 28. e4 Kc6 29. Kd4 e5+ 30. Kd3 Kc5 31. Kc3 b4+ 32. Kd3
a5 33. a4 bxa3 34. Kc3 a2 35. Kd3 a1=Q 36. Kc2 Qb2+ 37. Kd3 Qd2# 0-1

[Event "CYCC U12"]
[Site "Windsor CAN"]
[Date "2010.07.06"]
[Round "2"]
[White "Song, Michael"]
[Black "McCleary, Reuben"]
[Result "1-0"]
[WhiteElo "1866"]
[BlackElo "1597"]
[PlyCount "92"]
[EventDate "2010.07.06"]
[EventType "swiss"]
[EventRounds "7"]
[EventCountry "CAN"]

1. c4 e6 2. d4 d5 3. Nc3 c5 4. cxd5 cxd4 5. dxe6 Bxe6 6. Ne4 Nc6 7. Nf3 Nf6 8.
Nxf6+ Qxf6 9. g3 Bb4+ 10. Bd2 O-O 11. Bxb4 Nxb4 12. a3 Nc6 13. Bg2 Rfd8 14. Qd2
Rac8 15. O-O Rd7 16. Ne1 Ne5 17. Nd3 Rdc7 18. Rac1 Nc4 19. Qf4 Qxf4 20. gxf4
Bf5 21. Rcd1 Rd8 22. Rc1 Rdc8 23. Rcd1 Rd8 24. Rfe1 Bxd3 25. Rxd3 Nxb2 26. Rb3
Nc4 27. Rc1 Rdd7 28. Rxb7 Rxb7 29. Bxb7 Rxb7 30. Rxc4 h6 31. Rxd4 Rb2 32. e4 g6
33. Kg2 Rb3 34. Ra4 Rb7 35. Kf3 Kg7 36. h4 Rc7 37. h5 gxh5 38. Kg3 Rc3+ 39. f3
h4+ 40. Kxh4 Rxf3 41. Kg4 Rf1 42. Rxa7 h5+ 43. Kg5 Rg1+ 44. Kxh5 Kg8 45. a4 Rf1
46. Kg5 Rg1+ 1-0

[Event "CYCC U12"]
[Site "Windsor CAN"]
[Date "2010.07.06"]
[Round "2"]
[White "Song, Terry"]
[Black "Nasir, Zehn"]
[Result "1-0"]
[WhiteElo "1916"]
[BlackElo "1667"]
[PlyCount "137"]
[EventDate "2010.07.06"]
[EventType "swiss"]
[EventRounds "7"]
[EventCountry "CAN"]

1. e4 d5 2. exd5 Qxd5 3. Nc3 Qd6 4. d4 Nf6 5. Bd3 c6 6. Nge2 Bg4 7. O-O Nbd7 8.
Bf4 Qxf4 9. Nxf4 Bxd1 10. Raxd1 e6 11. Ne4 Nxe4 12. Bxe4 O-O-O 13. Bf3 Bd6 14.
Nd3 Rhe8 15. Rfe1 Kc7 16. g3 Be7 17. Kf1 Bf6 18. Ne5 Nxe5 19. dxe5 Rxd1 20.
Bxd1 Be7 21. Re4 Rd8 22. Ke2 Rd5 23. c3 Rd8 24. Bb3 Rf8 25. Rg4 Rg8 26. Rf4 Rf8
27. Bc2 g6 28. h4 a6 29. Rd4 Rd8 30. Rf4 Rf8 31. Rf3 Kc8 32. Be4 Kc7 33. Kd3
Rd8+ 34. Kc2 Rf8 35. a4 Kc8 36. Bd3 Kc7 37. b4 Kb6 38. Kb3 Kc7 39. Rf4 Kb8 40.
Rf3 Ka7 41. h5 Kb8 42. g4 Kc7 43. Rh3 Rd8 44. hxg6 hxg6 45. Kc2 Rf8 46. Rh7 Kd8
47. f4 c5 48. b5 axb5 49. axb5 b6 50. Be4 Ke8 51. Rh1 Kd8 52. Ra1 Bh4 53. Ra8+
Ke7 54. Ra7+ Kd8 55. f5 gxf5 56. gxf5 exf5 57. Bxf5 Bf2 58. Kd3 Re8 59. Rd7+
Kc8 60. Rxf7+ Kd8 61. Ke4 Be1 62. Rd7+ Kc8 63. Rd1+ Kc7 64. Rxe1 Rh8 65. e6 Kd6
66. Rd1+ Ke7 67. Rd7+ Kf6 68. Rf7+ Kg5 69. e7 1-0

[Event "CYCC U12"]
[Site "Windsor CAN"]
[Date "2010.07.06"]
[Round "2"]
[White "Thanabalachandran, Kajan"]
[Black "O'Neil, Michael"]
[Result "1/2-1/2"]
[WhiteElo "1530"]
[BlackElo "1080"]
[PlyCount "106"]
[EventDate "2010.07.06"]
[EventType "swiss"]
[EventRounds "7"]
[EventCountry "CAN"]

1. e4 e5 2. Nf3 Nc6 3. Bb5 Nf6 4. O-O Nxe4 5. Re1 Nf6 6. Nxe5 Nxe5 7. Rxe5+ Be7
8. Qe1 c6 9. Bd3 d6 10. Re2 Be6 11. b3 O-O 12. Bb2 Nd5 13. Bc4 Bf6 14. Bxf6
Qxf6 15. c3 b5 16. Bd3 Nf4 17. Re3 Nxd3 18. Rxd3 Bf5 19. Rf3 Qg6 20. Rg3 Rfe8
21. Qc1 Qe6 22. Re3 Qd7 23. d4 Rxe3 24. Qxe3 Bxb1 25. Rxb1 Re8 26. Qd2 Qe6 27.
Kf1 c5 28. dxc5 dxc5 29. Rd1 Qc8 30. Qd7 Qb8 31. Rd5 Kf8 32. Qd6+ Qxd6 33. Rxd6
Rc8 34. Rd7 a5 35. Ra7 c4 36. Rxa5 cxb3 37. axb3 Rxc3 38. Rxb5 Ke7 39. Re5+ Kd6
40. Re3 Rxe3 41. fxe3 Kc5 42. Ke2 Kb4 43. Kd3 Kxb3 44. Kd4 Kb4 45. Kd5 Kc3 46.
e4 Kd3 47. e5 Ke3 48. Kd6 Ke4 49. h3 g5 50. g3 h5 51. h4 gxh4 52. gxh4 Kf5 53.
Kd5 Kf4 1/2-1/2

[Event "CYCC U12"]
[Site "Windsor CAN"]
[Date "2010.07.06"]
[Round "2"]
[White "Tismenko, Dennis"]
[Black "Pernasilici, Lorenzo"]
[Result "1-0"]
[WhiteElo "1301"]
[BlackElo "1148"]
[PlyCount "67"]
[EventDate "2010.07.06"]
[EventType "swiss"]
[EventRounds "7"]
[EventCountry "CAN"]

1. e4 e5 2. Nf3 Nc6 3. Nc3 Bc5 4. Nxe5 Nxe5 5. d4 Bd6 6. dxe5 Bxe5 7. Bc4 Nh6
8. Bxh6 gxh6 9. Qh5 Qf6 10. Bxf7+ Qxf7 11. Qxe5+ Qe7 12. Qxh8+ Qf8 13. Qxf8+
Kxf8 14. O-O-O d6 15. Nd5 Bg4 16. f3 Be6 17. Nxc7 Rb8 18. Nxe6+ Ke7 19. Nf4 b5
20. b4 Rc8 21. Rd5 a6 22. Rhd1 Rd8 23. e5 Rf8 24. exd6+ Kd7 25. g3 h5 26. Nd3
Kc6 27. Ne5+ Kb7 28. d7 Rd8 29. Nf7 Rf8 30. d8=Q Rxd8 31. Rxd8 Kc7 32. R8d7+
Kc8 33. Re7 a5 34. Rd8# 1-0

[Event "CYCC U12"]
[Site "Windsor CAN"]
[Date "2010.07.06"]
[Round "2"]
[White "Yang, Benjamin"]
[Black "Kong, Dezheng"]
[Result "0-1"]
[WhiteElo "1744"]
[BlackElo "2006"]
[PlyCount "58"]
[EventDate "2010.07.06"]
[EventType "swiss"]
[EventRounds "7"]
[EventCountry "CAN"]

1. d4 d5 2. Nf3 Nf6 3. e3 g6 4. Bd3 Bg7 5. Nbd2 Nbd7 6. O-O O-O 7. c3 c5 8. Ne5
Nxe5 9. dxe5 Ng4 10. Qe2 Nxe5 11. Bc2 f5 12. f4 Nc6 13. Nf3 e5 14. Rd1 e4 15.
Ng5 h6 16. Rxd5 Qxd5 17. Bb3 Qxb3 18. axb3 hxg5 19. fxg5 Ne5 20. Qb5 Rd8 21.
Qe2 Be6 22. c4 Rd3 23. Qc2 Rad8 24. h3 Rd1+ 25. Kh2 Rf1 26. Rxa7 Nd3 27. Bd2
Be5+ 28. g3 Rf2+ 29. Kg1 Nb4 0-1

[Event "CYCC U12"]
[Site "Windsor CAN"]
[Date "2010.07.07"]
[Round "3"]
[White "Baki, Shaumik"]
[Black "Jean, Justin"]
[Result "1-0"]
[WhiteElo "1336"]
[BlackElo "1577"]
[PlyCount "74"]
[EventDate "2010.07.06"]
[EventType "swiss"]
[EventRounds "7"]
[EventCountry "CAN"]

1. e4 c5 2. Nc3 Nc6 3. g3 d6 4. Bg2 Bd7 5. d3 Nf6 6. f4 e5 7. f5 Be7 8. Nf3 O-O
9. O-O Nd4 10. Bg5 Ng4 11. Bxe7 Qxe7 12. Nd5 Qd8 13. Re1 Bc6 14. Nxd4 Bxd5 15.
Qxg4 cxd4 16. exd5 Qf6 17. Qf3 Rac8 18. Rac1 Rc7 19. Qh5 Rfc8 20. Re2 b5 21. h4
a5 22. Qg5 Qxg5 23. hxg5 b4 24. b3 Kf8 25. Be4 f6 26. gxf6 gxf6 27. Kf1 Kg7 28.
Ke1 Kh6 29. Kd2 Kg5 30. Rg2 Kg4 31. Kd1 Kh3 32. g4 Kh4 33. Kd2 Kg5 34. Rh2 Rh8
35. Rf1 Rhc8 36. Kd1 Rh8 37. Rh5+ Kxg4 1-0

[Event "CYCC U12"]
[Site "Windsor CAN"]
[Date "2010.07.07"]
[Round "3"]
[White "Bhangoo, Kabir"]
[Black "Jensen, Jacob"]
[Result "0-1"]
[WhiteElo "934"]
[BlackElo "1661"]
[PlyCount "56"]
[EventDate "2010.07.06"]
[EventType "swiss"]
[EventRounds "7"]
[EventCountry "CAN"]

1. d4 Nf6 2. Nc3 e6 3. Nf3 Bb4 4. a3 Bxc3+ 5. bxc3 Ne4 6. Bd2 b6 7. e3 Bb7 8.
Bd3 f5 9. O-O O-O 10. Bxe4 Bxe4 11. c4 h6 12. Bb4 Rf6 13. Nh4 Bb7 14. Qh5 Kh7
15. d5 e5 16. Nxf5 d6 17. f4 Nd7 18. Qg4 Rg6 19. Qh5 Qe8 20. Nh4 Rxg2+ 21. Nxg2
Qxh5 22. fxe5 Nxe5 23. Nf4 Qg5+ 24. Ng2 Nxc4 25. Bc3 Bxd5 26. Rf2 Bxg2 27. Rxg2
Qxe3+ 28. Kf1 Rf8+ 0-1

[Event "CYCC U12"]
[Site "Windsor CAN"]
[Date "2010.07.07"]
[Round "3"]
[White "Doknjas, John"]
[Black "Yang, Bryant"]
[Result "0-1"]
[WhiteElo "1896"]
[BlackElo "1500"]
[PlyCount "86"]
[EventDate "2010.07.06"]
[EventType "swiss"]
[EventRounds "7"]
[EventCountry "CAN"]

1. d4 d5 2. e3 Nf6 3. Nf3 Bf5 4. Bd3 Bg4 5. Nbd2 e6 6. h3 Bh5 7. Be2 c5 8. c3
a6 9. Ne5 Bxe2 10. Qxe2 Nbd7 11. f4 c4 12. O-O b5 13. e4 Be7 14. Nc6 Qb6 15.
Nxe7 Kxe7 16. e5 Ne8 17. Qh5 Nf8 18. Nf3 h6 19. Ng5 Ng6 20. Nxe6 Qxe6 21. f5
Qc6 22. fxg6 Qxg6 23. Bg5+ hxg5 24. Qxh8 Nc7 25. Qxa8 Nxa8 26. a4 Qb6 27. Rf5
f6 28. exf6+ gxf6 29. Rxd5 Nc7 30. Re1+ Ne6 31. axb5 axb5 32. Rf5 Kf7 33. Ref1
Nf4 34. Re1 Kg6 35. g4 Qc6 36. d5 Nxd5 37. Kh2 Nf4 38. Rg1 Ne2 39. Rg2 Qd6+ 40.
Kh1 Ng3+ 41. Rxg3 Qxg3 42. Rxb5 Qxh3+ 43. Kg1 Qxg4+ 0-1

[Event "CYCC U12"]
[Site "Windsor CAN"]
[Date "2010.07.07"]
[Round "3"]
[White "Kong, Dezheng"]
[Black "Song, Michael"]
[Result "0-1"]
[WhiteElo "2006"]
[BlackElo "1866"]
[PlyCount "114"]
[EventDate "2010.07.06"]
[EventType "swiss"]
[EventRounds "7"]
[EventCountry "CAN"]

1. c4 Nf6 2. Nc3 e5 3. Nf3 Nc6 4. g3 g6 5. d4 exd4 6. Nxd4 Nxd4 7. Qxd4 Bg7 8.
Bg2 O-O 9. O-O Re8 10. Qd3 d6 11. b3 Bf5 12. Qf3 Ne4 13. Bb2 Nxc3 14. Bxc3 Be4
15. Qxe4 Rxe4 16. Bxg7 Rxe2 17. Bd4 c6 18. Be3 Qe7 19. Rac1 Rxe3 20. fxe3 Qxe3+
21. Kh1 Qc5 22. Rfe1 Kf8 23. Rf1 Re8 24. Rf4 Qb4 25. Rcf1 Re7 26. h3 a5 27. Kh2
Qa3 28. R1f2 Kg8 29. Rc2 Qc5 30. Rcf2 f5 31. Rd2 Re3 32. h4 h6 33. Bh3 Qe5 34.
Rg2 Re2 35. h5 Rxg2+ 36. Kxg2 Qe2+ 37. Rf2 Qxh5 38. Rd2 d5 39. cxd5 cxd5 40. a3
b6 41. a4 d4 42. Rxd4 Qe2+ 43. Kh1 Qe1+ 44. Kg2 Qe2+ 45. Kh1 Qf3+ 46. Bg2 Qxg3
47. Rd7 Qe1+ 48. Kh2 Qe5+ 49. Kh1 g5 50. Rd5 Qe1+ 51. Kh2 Qh4+ 52. Kg1 Qf4 53.
Rb5 g4 54. b4 g3 55. Bd5+ Kg7 56. Kg2 Qf2+ 57. Kh3 Qh2# 0-1

[Event "CYCC U12"]
[Site "Windsor CAN"]
[Date "2010.07.07"]
[Round "3"]
[White "Maynard-Drewery, Justin"]
[Black "Clemente, Denroi Lee"]
[Result "0-1"]
[WhiteElo "809"]
[BlackElo "988"]
[PlyCount "51"]
[EventDate "2010.07.06"]
[EventType "swiss"]
[EventRounds "7"]
[EventCountry "CAN"]

1. d3 e5 2. g3 d5 3. Bg2 Nf6 4. b3 Nc6 5. Bb2 Be6 6. h3 Bd6 7. Qd2 O-O 8. Qg5
e4 9. Nd2 exd3 10. exd3 d4 11. c4 dxc3 12. Bxc3 Be5 13. Bxe5 Nxe5 14. Qxe5 Qxd3
15. Bxb7 Rad8 16. Ne2 Qxd2+ 17. Kf1 Qb4 18. Qxc7 Bd5 19. Bxd5 Nxd5 20. Qe5 Rfe8
21. Qh5 Qb5 22. Rd1 Re7 23. Kg2 Qxe2 24. Rhf1 Qxa2 25. Rb1 Ne3+ 26. Kh2 0-1

[Event "CYCC U12"]
[Site "Windsor CAN"]
[Date "2010.07.07"]
[Round "3"]
[White "McCleary, Reuben"]
[Black "Mathews, Jeremy"]
[Result "1-0"]
[WhiteElo "1598"]
[BlackElo "1250"]
[PlyCount "109"]
[EventDate "2010.07.06"]
[EventType "swiss"]
[EventRounds "7"]
[EventCountry "CAN"]

1. e4 e5 2. Nf3 Nf6 3. Nxe5 d6 4. Nf3 Nxe4 5. d4 Bf5 6. Bd3 Be7 7. O-O O-O 8.
Re1 d5 9. Bf4 Nc6 10. Nbd2 Nxd2 11. Qxd2 Bxd3 12. Qxd3 Bd6 13. Bxd6 Qxd6 14.
Re2 Rfe8 15. Rae1 Re7 16. Ng5 g6 17. Rxe7 Nxe7 18. Qf3 Nf5 19. g4 h6 20. Nxf7
Kxf7 21. gxf5 Qf6 22. Qxd5+ Kg7 23. Qd7+ Kg8 24. Re8+ Rxe8 25. Qxe8+ Qf8 26.
Qxf8+ Kxf8 27. fxg6 Kg7 28. Kg2 Kxg6 29. Kf3 Kf5 30. c4 c6 31. Ke3 b6 32. b4 a6
33. a4 h5 34. Kf3 h4 35. h3 Ke6 36. Ke4 Kf6 37. d5 c5 38. bxc5 bxc5 39. Kf4 Ke7
40. Ke5 Kd7 41. f4 Ke7 42. a5 Kd7 43. Kf6 Kd6 44. Kg7 Ke7 45. f5 Kd6 46. f6 Ke5
47. f7 Kd4 48. f8=Q Kxc4 49. d6 Kb5 50. d7 Kxa5 51. Qxc5+ Ka4 52. Qb6 Ka3 53.
d8=Q Ka2 54. Qdb8 Ka1 55. Qxa6# 1-0

[Event "CYCC U12"]
[Site "Windsor CAN"]
[Date "2010.07.07"]
[Round "3"]
[White "McCullough, David"]
[Black "Yang, Benjamin"]
[Result "1-0"]
[WhiteElo "1422"]
[BlackElo "1744"]
[PlyCount "71"]
[EventDate "2010.07.06"]
[EventType "swiss"]
[EventRounds "7"]
[EventCountry "CAN"]

1. d4 d6 2. c4 f5 3. e3 Nf6 4. Nf3 g6 5. g3 Bg7 6. Bg2 O-O 7. O-O c6 8. Nc3 a5
9. a4 Kh8 10. Bd2 Be6 11. b3 Na6 12. Rb1 h6 13. Bc1 Kh7 14. Bb2 Bf7 15. Nh4 Nc7
16. Re1 d5 17. Bh3 dxc4 18. bxc4 Bxc4 19. Ba3 b5 20. Bc5 b4 21. Ne2 Bxe2 22.
Qxe2 Na6 23. Red1 Ne4 24. Qc2 Nc3 25. g4 e6 26. Bxf8 Qxh4 27. Bxg7 Qxh3 28. d5
Qxg4+ 29. Kf1 Kxg7 30. dxe6 Nxd1 31. Rxd1 Qh3+ 32. Ke1 Qxh2 33. Qb2+ Kg8 34.
Rd7 Qg1+ 35. Ke2 Qg4+ 36. Kd2 1-0

[Event "CYCC U12"]
[Site "Windsor CAN"]
[Date "2010.07.07"]
[Round "3"]
[White "Nasir, Zehn"]
[Black "Deforest, David"]
[Result "1-0"]
[WhiteElo "1667"]
[BlackElo "1378"]
[PlyCount "105"]
[EventDate "2010.07.06"]
[EventType "swiss"]
[EventRounds "7"]
[EventCountry "CAN"]

1. d4 Nf6 2. Nc3 e6 3. e4 Bb4 4. e5 Nd5 5. Qg4 Rg8 6. a3 Ba5 7. b4 Bxb4 8. axb4
Nxc3 9. Bg5 f6 10. exf6 gxf6 11. Qh5+ Rg6 12. Bh4 Qe7 13. Bd3 Qg7 14. Bxg6+
hxg6 15. Qf3 Nd5 16. c3 Nc6 17. Ne2 b6 18. O-O Bb7 19. b5 Na5 20. Bg3 Nc4 21.
Qd3 Nd6 22. Nf4 Ne7 23. f3 Nef5 24. Bf2 Kf7 25. c4 Qh6 26. Nh3 a5 27. d5 e5 28.
Rfc1 Ne7 29. Be3 Qg7 30. Nf2 Rh8 31. h3 Ndf5 32. Ng4 d6 33. Re1 Qh7 34. f4 Re8
35. fxe5 dxe5 36. Qf1 Qh8 37. Bd2 Ng8 38. Ne3 Ngh6 39. Nxf5 Nxf5 40. Bc3 Bc8
41. Ra2 Qh7 42. c5 Kg8 43. Rd2 Rd8 44. cxb6 cxb6 45. Qf2 Qc7 46. Bb2 Bd7 47. g4
Nh6 48. Qxf6 Qc5+ 49. Kh2 Qf8 50. Qxg6+ Qg7 51. Qxg7+ Kxg7 52. Bxe5+ Kg8 53.
Bc7 1-0

[Event "CYCC U12"]
[Site "Windsor CAN"]
[Date "2010.07.07"]
[Round "3"]
[White "O'Neil, Michael"]
[Black "Kanwischer, Alek"]
[Result "1-0"]
[WhiteElo "1080"]
[BlackElo "1098"]
[PlyCount "49"]
[EventDate "2010.07.06"]
[EventType "swiss"]
[EventRounds "7"]
[EventCountry "CAN"]

1. e4 e5 2. Nf3 Nf6 3. Nc3 Nc6 4. Bb5 Nd4 5. Nxe5 Qe7 6. Nf3 Nxb5 7. Nxb5 Nxe4
8. O-O d5 9. Re1 Qd7 10. d3 Qxb5 11. dxe4 dxe4 12. Rxe4+ Be6 13. Ng5 Rd8 14.
Qe1 Rd6 15. Nxe6 Be7 16. Nxc7+ Kd7 17. Nxb5 Rd5 18. Rxe7+ Kc6 19. Nc3 Rd4 20.
Rxf7 Rhd8 21. Rxg7 b5 22. g3 b4 23. Kg2 bxc3 24. Qxc3+ Kb5 25. Be3 1-0

[Event "CYCC U12"]
[Site "Windsor CAN"]
[Date "2010.07.07"]
[Round "3"]
[White "Papadopoulos, Andrew"]
[Black "McInnis, Preston"]
[Result "0-1"]
[WhiteElo "1005"]
[BlackElo "795"]
[PlyCount "84"]
[EventDate "2010.07.06"]
[EventType "swiss"]
[EventRounds "7"]
[EventCountry "CAN"]

1. e3 e5 2. Nc3 Nf6 3. d3 d5 4. Nf3 Nc6 5. g3 Bb4 6. a3 Bxc3+ 7. bxc3 Bg4 8. h3
Bh5 9. g4 Bg6 10. Nh4 e4 11. Nxg6 hxg6 12. f3 Qd6 13. f4 exd3 14. cxd3 O-O-O
15. Bg2 g5 16. O-O gxf4 17. exf4 Rde8 18. Re1 Rxe1+ 19. Qxe1 Re8 20. Qf2 d4 21.
Bb2 dxc3 22. Bxc3 Qxd3 23. Qd2 Qg3 24. Bxf6 gxf6 25. Rd1 Rd8 26. Qe1 Rxd1 27.
Qxd1 Qxf4 28. Qf1 Qe3+ 29. Qf2 Qxa3 30. Qh4 Qc1+ 31. Bf1 b5 32. Qh8+ Kb7 33. h4
Qe3+ 34. Kg2 Qf4 35. Qg7 b4 36. h5 Ne5 37. Be2 Qe4+ 38. Bf3 Qxf3+ 39. Kg1 b3
40. Kh2 Nxg4+ 41. Kg1 Qf2+ 42. Kh1 Qh2# 0-1

[Event "CYCC U12"]
[Site "Windsor CAN"]
[Date "2010.07.07"]
[Round "3"]
[White "Pernasilici, Lorenzo"]
[Black "Farias, Durval"]
[Result "0-1"]
[WhiteElo "1148"]
[BlackElo "979"]
[PlyCount "82"]
[EventDate "2010.07.06"]
[EventType "swiss"]
[EventRounds "7"]
[EventCountry "CAN"]

1. e4 c5 2. Bc4 e5 3. Qf3 Nf6 4. d3 Be7 5. Bg5 O-O 6. Qg3 Nh5 7. Qf3 Bxg5 8.
Qxh5 Qa5+ 9. c3 Be7 10. Nf3 Bf6 11. O-O b5 12. Bd5 Nc6 13. Ng5 Bxg5 14. Qxg5
Bb7 15. Bb3 c4 16. dxc4 bxc4 17. Bxc4 Ba6 18. Bxa6 Qxa6 19. Nd2 Rab8 20. b4 Qd3
21. Nf3 f6 22. Qh5 Qxc3 23. a3 Qd3 24. Rad1 Qxe4 25. Rxd7 Rfd8 26. Rxa7 Nxa7
27. Nh4 Qc2 28. Nf5 g6 29. Ne7+ Kg7 30. Qh3 Rd1 31. g3 Re8 32. Qe6 Rxe7 33.
Qxe7+ Kh6 34. Qxa7 Qe2 35. Rxd1 Qxd1+ 36. Kg2 Qd5+ 37. Kg1 f5 38. a4 f4 39.
gxf4 exf4 40. a5 f3 41. a6 Qd1# 0-1

[Event "CYCC U12"]
[Site "Windsor CAN"]
[Date "2010.07.07"]
[Round "3"]
[White "Rice, Steven"]
[Black "Lamothe, Zachari"]
[Result "1-0"]
[WhiteElo "1116"]
[BlackElo "878"]
[PlyCount "45"]
[EventDate "2010.07.06"]
[EventType "swiss"]
[EventRounds "7"]
[EventCountry "CAN"]

1. e4 Nf6 2. Nc3 Nc6 3. Nf3 e5 4. d3 d6 5. Bg5 h6 6. Bxf6 gxf6 7. g3 Bg4 8. a3
Nd4 9. Bg2 Bxf3 10. Bxf3 Nxf3+ 11. Qxf3 c6 12. O-O d5 13. exd5 cxd5 14. Qxd5
Qxd5 15. Nxd5 Rd8 16. Nxf6+ Ke7 17. Ng4 Rg8 18. Nxe5 Bg7 19. Nc4 Rc8 20. Ra2 b5
21. Re1+ Kf8 22. Nd6 Rxc2 23. Re8# 1-0